30 Most Populous Cities In South America Quiz Stats

 Plays Quiz Updated Sep 5, 2014

Support Sporcle.
Go Orange.
Score 0/30 Timer 04:00
10 Plays Today
% Correct
Buenos Aires, Argentina
95.5%
Bogotá, Colombia
94.7%
Rio de Janeiro, Brazil
94.3%
São Paulo, Brazil
94.1%
Lima, Peru
93.1%
Santiago, Chile
92.7%
Brasília, Brazil
92%
Caracas, Venezuela
92%
Quito, Ecuador
82.7%
Salvador, Brazil
82.1%
Montevideo, Uruguay
80.5%
Porto Alegre, Brazil
80.2%
Belo Horizonte, Brazil
77%
Medellín, Colombia
75.5%
Manaus, Brazil
74.2%
% Correct
Recife, Brazil
73.7%
Córdoba, Argentina
72.2%
Fortaleza, Brazil
70.3%
Cali, Colombia
67%
Belém, Brazil
67%
Curitiba, Brazil
65.2%
Maracaibo, Venezuela
60.8%
Guayaquil, Ecuador
57.9%
Barranquilla, Colombia
52.4%
Rosario, Argentina
50.9%
Goiânia, Brazil
42.3%
Valencia, Venezuela
40.6%
Guarulhos, Brazil
39.8%
Maracay, Venezuela
28.5%
Barquisimeto, Venezuela
24.9%

You're not logged in!

Compare scores with friends on all Sporcle quizzes.
OR
Log In
Forgot?

From the Vault

Marvel Comic Movies

by Derek

It won't be long before some not-so-well known Marvel characters are turned into movies, like the amazing adventures of Sporcle Boy!!
Remove Ads.
Support Sporcle.
Get the best of Sporcle when you Go Orange. This ad-free experience offers more features, more stats, and more fun while also helping to support Sporcle. Thank you for becoming a member.

Show Comments

Extras

Top Quizzes Today


Score Distribution

Your Account Isn't Verified!

In order to create a playlist on Sporcle, you need to verify the email address you used during registration. Go to your Sporcle Settings to finish the process.

Report this User

Report this user for behavior that violates our Community Guidelines.

Details: